Social factors in the birth and growth of the Indian National Congress movement: with reference to the period leading to 1885 till 1905 (Record no. 364514)

000 -LEADER
fixed length control field 00507cam a22001457a 4500
008 - FIXED-LENGTH DATA ELEMENTS--GENERAL INFORMATION
fixed length control field 180718b1967 xxu||||| |||| 00| 0 eng d
082 ## - DEWEY DECIMAL CLASSIFICATION NUMBER
Classification number F51x5401 D85
100 ## - MAIN ENTRY--PERSONAL NAME
Personal name Dua, R.P.
245 ## - TITLE STATEMENT
Title Social factors in the birth and growth of the Indian National Congress movement: with reference to the period leading to 1885 till 1905
Statement of responsibility, etc. by R.P. Dua
260 ## - PUBLICATION, DISTRIBUTION, ETC.
Place of publication, distribution, etc. Delhi
Name of publisher, distributor, etc. Chand
Date of publication, distribution, etc. 1967
300 ## - PHYSICAL DESCRIPTION
Extent 163p.
650 ## - SUBJECT ADDED ENTRY--TOPICAL TERM
Topical term or geographic name entry element India --Social policy
650 ## - SUBJECT ADDED ENTRY--TOPICAL TERM
Topical term or geographic name entry element India --Social conditions
650 ## - SUBJECT ADDED ENTRY--TOPICAL TERM
Topical term or geographic name entry element Indian National Congress
Holdings
Withdrawn status Lost status Damaged status Not for loan Permanent Location Current Location Date acquired Full call number Barcode Date last seen Price effective from Koha item type
        Indian Institute of Public Administration Indian Institute of Public Administration 1994-04-11 F51x5401 D85 41221 2018-07-21 2018-07-21 Book

Powered by Koha